000 02021nam a22002897a 4500
003 URS
005 20251023095134.0
008 250904b ||||| |||| 00| 0 eng d
040 _cURS
245 _aOptimizing Livestock Nutrition Using Linear Programming
_bJasper A. Cabatas... et al ...
260 _cNovember 2024
300 _a29 pages .,;
_billustrations,
_c28cm.
336 _2rdacontent
_atext
337 _2rdamedia
_aunmediated
338 _2rdacarrier
_avolume
502 _athesis
_bCollege of Science
_cUniversity of Rizal System-Morong
_d2024
520 _aThis thesis investigates the nutritional profiles of various starter, grower, and finisher feed combinations, focusing on essential components such as crude fat, crude fiber, crude protein, digestible amino acids, and minerals like calcium and phosphorus, and using FeedCal, a linear programming simulator, we first generated optimal feed combinations tailored to meet the nutritional requirements for different stages of livestock growth, with our analysis revealing significant variations in nutrient levels among the combinations, with Starter 1, Grower 3, and Finisher 3 emerging as the most enriched options and demonstrate competitive performance against some commercial brands. Keywords: Nutritional profiles, Starter feed, Grower feed, Finisher feed, Crude fat, Crude fiber, Crude protein, Digestible amino acids, Calcium, Phosphorus, FeedCal, Linear programming simulator, Optimal feed combinations, Livestock growth stages, and Nutrient levels.
700 _aJasper A. Cabatas
_eAuthor
700 _aCharles David N. Delfin
_eAuthor
700 _aZedrick Kyle S. Severo
_eAuthor
700 _aJoshua M. Timtiman
_eAuthor
700 _aChristian M. Tolosa
_eAuthor
700 _aAriston, Ricardo R.
_edegree supervisor
856 _3Online Request for Student Unpublished Works
_uhttps://forms.gle/7LqvGGkaDrUQqz429
856 _uhttps://drive.google.com/file/d/1dMl0zA5fbKKIe8Y11l9RJIR2M-gBjW1A/view?usp=drive_link
942 _2lcc
_cT
999 _c85922
_d85920